[Event "Ufa Gumerov Memorial op"]
[Site "Ufa"]
[Date "2012.08.09"]
[Round "9"]
[White "Shajakhmetov, Linat"]
[Black "Churaev, Raif"]
[Result "1-0"]
[WhiteElo "2040"]
[BlackElo "2067"]
[PlyCount "47"]
[EventDate "2012.08.01"]
[EventType "swiss"]
[EventRounds "9"]
[EventCountry "RUS"]
[SourceTitle "EXT 2013"]
[Source "ChessBase"]
[SourceDate "2012.11.22"]
[SourceVersion "1"]
[SourceVersionDate "2012.11.22"]
[SourceQuality "1"]

1. Nf3 Nf6 2. c4 e6 3. g3 b6 4. Bg2 Bb7 5. 0-0 Be7 6. Nc3 0-0 7. Re1 d5 8. cxd5 Nxd5 9. e4 Nxc3 10. bxc3 c5 11. d4 cxd4 12. cxd4 Nc6 13. Bb2 Na5 14. Rc1 Rc8 15. Qe2 Qd7 16. Ne5 Qa4 17. Ba1 Ba3 18. Rxc8 Rxc8 19. d5 f6 20. Bh3 fxe5 21. Bxe6+ Kh8 22. Bxe5 Bf8 23. Qh5 Qb4 24. Bf5 1-0

[Event "Ufa Gumerov Memorial op"]
[Site "Ufa"]
[Date "2012.08.05"]
[Round "5"]
[White "Zijatdinov, Ramil"]
[Black "Churaev, Raif"]
[Result "1-0"]
[WhiteElo "1859"]
[BlackElo "2067"]
[PlyCount "63"]
[EventDate "2012.08.01"]
[EventType "swiss"]
[EventRounds "9"]
[EventCountry "RUS"]
[SourceTitle "EXT 2013"]
[Source "ChessBase"]
[SourceDate "2012.11.22"]
[SourceVersion "1"]
[SourceVersionDate "2012.11.22"]
[SourceQuality "1"]

1. d4 Nf6 2. Nf3 c5 3. c4 cxd4 4. Nxd4 e5 5. Nb5 d5 6. cxd5 Bc5 7. N5c3 0-0 8. e3 Bf5 9. Be2 Nbd7 10. Nd2 e4 11. g4 Bg6 12. h4 h5 13. g5 Ng4 14. Ndxe4 Bb6 15. Bxg4 hxg4 16. Qxg4 Ne5 17. Qd1 Rc8 18. h5 Bf5 19. f3 Rxc3 20. bxc3 Bxe4 21. fxe4 Qxg5 22. Qe2 Rc8 23. Bd2 Nc4 24. 0-0-0 Qe7 25. Rdg1 Nxe3 26. Rh3 Qa3+ 27. Kb1 Nc4 28. Rxg7+ Kh8 29. Bc1 Qc5 30. h6 Ne5 31. Qg2 Qb5+ 32. Ka1 1-0

[Event "Ufa Gumerov Memorial op"]
[Site "Ufa"]
[Date "2012.08.02"]
[Round "2"]
[White "Churaev, Raif"]
[Black "Tyulkin, Igor"]
[Result "1-0"]
[WhiteElo "2067"]
[BlackElo "1956"]
[PlyCount "90"]
[EventDate "2012.08.01"]
[EventType "swiss"]
[EventRounds "9"]
[EventCountry "RUS"]
[SourceTitle "EXT 2013"]
[Source "ChessBase"]
[SourceDate "2012.11.22"]
[SourceVersion "1"]
[SourceVersionDate "2012.11.22"]
[SourceQuality "1"]

1. d4 Nf6 2. Nf3 g6 3. g3 Bg7 4. Bg2 0-0 5. 0-0 d6 6. Nc3 Nbd7 7. e4 e5 8. h3 Re8 9. Re1 c6 10. d5 c5 11. Nd2 a6 12. a4 b6 13. Nc4 Qc7 14. Kh2 Rb8 15. Be3 Rf8 16. Qd2 Ne8 17. Bh6 Rb7 18. Bxg7 Nxg7 19. f4 f6 20. Rf1 Nb8 21. Ne3 Qd8 22. Rf3 Rbf7 23. Raf1 Qe7 24. f5 Ne8 25. Ng4 Rg7 26. Nh6+ Kh8 27. fxg6 Rxg6 28. Nf5 Bxf5 29. exf5 Rg7 30. Ne4 Nd7 31. Rb3 Nc7 32. Bf3 Rfg8 33. Be2 Rf8 34. Rbf3 Rgg8 35. c4 a5 36. Qh6 Ne8 37. g4 Qg7 38. Qh5 Qf7 39. Qh4 Qg7 40. Rg1 Qe7 41. Bd3 Rg5 42. Rfg3 Rfg8 43. Qh6 R5g7 44. h4 Rg6 45. fxg6 Rxg6 1-0

[Event "Ufa-ch sf1"]
[Site "Ufa"]
[Date "2012.01.23"]
[Round "3"]
[White "Churaev, Raif"]
[Black "Yusupov, Marat"]
[Result "1/2-1/2"]
[WhiteElo "2091"]
[BlackElo "1812"]
[PlyCount "96"]
[EventDate "2012.01.21"]
[EventType "swiss"]
[EventRounds "9"]
[EventCountry "RUS"]
[SourceTitle "EXT 2014"]
[Source "ChessBase"]
[SourceDate "2013.11.20"]
[SourceVersion "1"]
[SourceVersionDate "2013.11.20"]
[SourceQuality "1"]

1. e4 c6 2. d3 d5 3. Nd2 e5 4. g3 Nf6 5. Bg2 Bg4 6. Ngf3 Nbd7 7. h3 Bh5 8. 0-0 dxe4 9. dxe4 Be7 10. Re1 0-0 11. Qe2 Qc7 12. Nf1 Nc5 13. g4 Bg6 14. N3d2 Ne6 15. Ng3 Rfd8 16. Nf3 Bb4 17. c3 Bf8 18. Nf5 Nd7 19. Ng5 Nxg5 20. Bxg5 f6 21. Be3 Bf7 22. b3 a5 23. Bf1 Nc5 24. Qc2 b5 25. Rad1 a4 26. b4 Ne6 27. Rxd8 Rxd8 28. Rd1 Rxd1 29. Qxd1 Qd8 30. Qxd8 Nxd8 31. a3 Nb7 32. Bc1 Nd6 33. Nxd6 Bxd6 34. f3 g5 35. Kf2 Kf8 36. Be3 Ke7 37. Ke1 Kd7 38. Kd2 Kc7 39. c4 Be8 40. Kc3 Bd7 41. Bf2 Bf8 42. h4 h6 43. h5 Be7 44. Be2 Bf8 45. Bc5 Bd6 46. Bd3 Be8 47. Bb1 Bd7 48. Bd3 Be8 1/2-1/2

[Event "Ufa Kopylov Memorial op 8th"]
[Site "Ufa"]
[Date "2011.12.24"]
[Round "8"]
[White "Kolev, Valentin"]
[Black "Churaev, Raif"]
[Result "1-0"]
[WhiteElo "1924"]
[BlackElo "2091"]
[PlyCount "82"]
[EventDate "2011.12.17"]
[EventType "swiss"]
[EventRounds "9"]
[EventCountry "RUS"]
[SourceTitle "CBM 146 Extra"]
[Source "ChessBase"]
[SourceDate "2012.02.29"]
[SourceVersion "1"]
[SourceVersionDate "2012.02.29"]
[SourceQuality "1"]

1. d4 Nf6 2. c4 c5 3. d5 e6 4. Nc3 exd5 5. cxd5 g6 6. e4 d6 7. f4 Bg7 8. Bb5+ Nfd7 9. a4 0-0 10. Nf3 Na6 11. 0-0 Nb4 12. Kh1 Nf6 13. Be2 Bd7 14. Nd2 b6 15. Nc4 Ne8 16. e5 Bf5 17. Ne3 Bc8 18. Nc4 Bb7 19. Bf3 a6 20. Re1 Qc7 21. Bg4 Kh8 22. Bf3 Rb8 23. b3 Ba8 24. Bb2 Qd8 25. Na3 Nc7 26. e6 fxe6 27. dxe6 Qe7 28. Bxa8 Nxa8 29. Nd5 Nxd5 30. Bxg7+ Kxg7 31. Qxd5 Nc7 32. Qe4 Rf6 33. Qc6 d5 34. Re2 Rxf4 35. Rae1 d4 36. g3 Rf6 37. Nc4 b5 38. axb5 axb5 39. Nb2 Re8 40. Nd3 Qd8 41. Qb7 Qe7 1-0

[Event "Ufa Siamidi Memorial"]
[Site "Ufa"]
[Date "2011.10.23"]
[Round "8.11"]
[White "Tagirov, Kajum K"]
[Black "Churaev, Raif"]
[Result "0-1"]
[WhiteElo "1901"]
[BlackElo "2103"]
[PlyCount "90"]
[EventDate "2011.10.16"]
[EventType "swiss"]
[EventRounds "9"]
[EventCountry "RUS"]
[SourceTitle "EXT 2012"]
[Source "ChessBase"]
[SourceDate "2011.11.24"]
[SourceVersion "1"]
[SourceVersionDate "2011.11.24"]
[SourceQuality "1"]

1. c4 e5 2. g3 Nf6 3. Bg2 d5 4. cxd5 Nxd5 5. Nc3 Nb6 6. Nf3 Nc6 7. 0-0 Be7 8. d3 0-0 9. a3 Be6 10. b4 a5 11. b5 Nd4 12. Rb1 f6 13. Ne1 Nd5 14. Nxd5 Bxd5 15. e3 Bxg2 16. Nxg2 Ne6 17. Qb3 Qd7 18. d4 Kh8 19. d5 Nc5 20. Qc4 Rfd8 21. e4 a4 22. Rb4 Nb3 23. Rxa4 Nd4 24. f4 Qxb5 25. Qxb5 Nxb5 26. Rc4 Rd7 27. fxe5 fxe5 28. Bb2 Nxa3 29. Rc3 b5 30. Bxa3 Rxa3 31. Rxa3 Bxa3 32. Ra1 Bc5+ 33. Kf1 Rd8 34. Nh4 Rf8+ 35. Ke1 g6 36. Rc1 Bd6 37. Rb1 b4 38. Ke2 Ra8 39. Rb2 Ra1 40. Nf3 Kg7 41. h4 Kf6 42. g4 Rh1 43. g5+ Ke7 44. Rb3 Rc1 45. Ke3 Rf1 0-1

[Event "Ufa Siamidi Memorial"]
[Site "Ufa"]
[Date "2011.10.20"]
[Round "5.7"]
[White "Churaev, Raif"]
[Black "Evstafiev, Dmitry"]
[Result "1-0"]
[WhiteElo "2103"]
[BlackElo "1781"]
[PlyCount "55"]
[EventDate "2011.10.16"]
[EventType "swiss"]
[EventRounds "9"]
[EventCountry "RUS"]
[SourceTitle "EXT 2012"]
[Source "ChessBase"]
[SourceDate "2011.11.24"]
[SourceVersion "1"]
[SourceVersionDate "2011.11.24"]
[SourceQuality "1"]

1. d4 d5 2. c4 c6 3. cxd5 cxd5 4. Nc3 Nf6 5. Bf4 Nc6 6. e3 a6 7. Bd3 g6 8. Nf3 Bg7 9. Rc1 Nh5 10. Bg5 h6 11. Bh4 b5 12. Nd2 Na5 13. b3 Bb7 14. 0-0 0-0 15. f4 Bf6 16. Bxf6 Nxf6 17. Nf3 Nd7 18. Ne5 Kg7 19. Qg4 e6 20. h4 Nf6 21. Qg3 Nh5 22. Qf3 f5 23. g4 Nf6 24. Qg3 Ne4 25. Bxe4 fxe4 26. f5 exf5 27. gxf5 g5 28. f6+ 1-0

[Event "Ufa Kopylov Memorial op-B 7th"]
[Site "Ufa"]
[Date "2010.12.23"]
[Round "3"]
[White "Churaev, Raif"]
[Black "Tagirov, Kajum K"]
[Result "1-0"]
[WhiteElo "2096"]
[BlackElo "1895"]
[PlyCount "71"]
[EventDate "2010.12.21"]
[EventType "swiss"]
[EventRounds "9"]
[EventCountry "RUS"]
[SourceTitle "EXT 2012"]
[Source "ChessBase"]
[SourceDate "2011.11.24"]
[SourceVersion "1"]
[SourceVersionDate "2011.11.24"]
[SourceQuality "1"]

1. d4 d5 2. c4 c6 3. cxd5 cxd5 4. Nc3 e6 5. Bf4 Bd6 6. e3 Bxf4 7. exf4 Nf6 8. Nf3 Qb6 9. Rc1 0-0 10. Bd3 Nc6 11. 0-0 Bd7 12. b3 Ne7 13. Ne5 Ng6 14. f5 Ne7 15. Re1 Be8 16. fxe6 fxe6 17. Bb1 Nf5 18. Bxf5 exf5 19. Qd3 g6 20. Nf3 Bf7 21. Ng5 Rae8 22. Nf3 Rxe1+ 23. Rxe1 Re8 24. Ne5 Kg7 25. Kf1 Bg8 26. f3 h5 27. Ne2 Be6 28. Nf4 Qd6 29. Nexg6 Bd7 30. Ne5 a6 31. Kf2 Bb5 32. Qxf5 Rc8 33. Qxc8 Qb4 34. Ne6+ Kh7 35. Qc2+ Kh8 36. Nf7+ 1-0

[Event "Ufa Kopylov Memorial op-B 7th"]
[Site "Ufa"]
[Date "2010.12.22"]
[Round "2"]
[White "Abelguzin, Dinar"]
[Black "Churaev, Raif"]
[Result "0-1"]
[WhiteElo "1929"]
[BlackElo "2096"]
[PlyCount "92"]
[EventDate "2010.12.21"]
[EventType "swiss"]
[EventRounds "9"]
[EventCountry "RUS"]
[SourceTitle "EXT 2012"]
[Source "ChessBase"]
[SourceDate "2011.11.24"]
[SourceVersion "1"]
[SourceVersionDate "2011.11.24"]
[SourceQuality "1"]

1. e4 c5 2. Nf3 g6 3. d4 Bg7 4. c3 cxd4 5. cxd4 Nc6 6. Nc3 d6 7. h3 Nf6 8. Be2 0-0 9. 0-0 d5 10. e5 Ne4 11. Bd3 Bf5 12. Be3 Nxc3 13. bxc3 Bxd3 14. Qxd3 Na5 15. Rab1 Rc8 16. Rfc1 b6 17. Nd2 Qd7 18. Qa6 Nc4 19. Nxc4 Rxc4 20. Rb4 Rfc8 21. Qa3 e6 22. Rxc4 Rxc4 23. Bg5 Bf8 24. Qb2 Ra4 25. Qd2 Qc6 26. Rc2 Rc4 27. Bf6 Qc8 28. Qe3 b5 29. Rb2 Rxc3 30. Qd2 b4 31. Kh2 a5 32. Qd1 Qc6 33. Rb3 Qc4 34. Bg5 a4 35. Rxc3 bxc3 36. Qb1 Qxd4 37. Qb8 Qb4 38. Qd8 d4 39. Bc1 Qc5 40. Kg1 c2 41. Qg5 h6 42. Qf4 Bg7 43. Qd2 Bxe5 44. Qxh6 Qc3 45. g3 Qe1+ 46. Kg2 d3 0-1

[Event "Ufa op"]
[Site "Ufa"]
[Date "2010.11.20"]
[Round "1"]
[White "Churaev, Raif"]
[Black "Zijatdinov, Ramil"]
[Result "1-0"]
[WhiteElo "2147"]
[BlackElo "1767"]
[PlyCount "74"]
[EventDate "2010.11.20"]
[EventType "swiss"]
[EventRounds "9"]
[EventCountry "RUS"]
[SourceTitle "CBM 139 Extra"]
[Source "ChessBase"]
[SourceDate "2011.01.05"]
[SourceVersion "1"]
[SourceVersionDate "2011.01.05"]
[SourceQuality "1"]

1. e4 e5 2. Nc3 Nf6 3. g3 Nc6 4. Bg2 Bc5 5. Nge2 0-0 6. 0-0 Ne7 7. Na4 Bb6 8. Nxb6 axb6 9. d4 d6 10. b3 exd4 11. Nxd4 d5 12. exd5 Nexd5 13. Bb2 c5 14. c4 Bg4 15. Qd2 Ne7 16. Nf3 Qxd2 17. Nxd2 Rfd8 18. Bxf6 gxf6 19. Ne4 Kg7 20. Nc3 Rd3 21. Na4 Bd7 22. Nxb6 Ra6 23. Nxd7 Rxd7 24. Rfd1 Rxd1+ 25. Rxd1 Rxa2 26. Bxb7 Rb2 27. Rd7 Kf8 28. Bd5 Rxb3 29. Rd8+ Kg7 30. Rd7 Kf8 31. Rc7 Nxd5 32. cxd5 Rb6 33. Rxc5 Rd6 34. Kg2 Rd7 35. Kf3 Ra7 36. Rc3 Ke7 37. Kf4 Kd6 1-0

[Event "Ufa Siamidi Memorial op"]
[Site "Ufa"]
[Date "2010.10.18"]
[Round "1"]
[White "Garifullin, Ildar"]
[Black "Churaev, Raif"]
[Result "1/2-1/2"]
[WhiteElo "1852"]
[BlackElo "2147"]
[PlyCount "69"]
[EventDate "2010.10.18"]
[EventType "swiss"]
[EventRounds "9"]
[EventCountry "RUS"]
[SourceTitle "EXT 2011"]
[Source "ChessBase"]
[SourceDate "2010.11.26"]
[SourceVersion "1"]
[SourceVersionDate "2010.11.26"]
[SourceQuality "1"]

1. e4 c5 2. Nc3 Nc6 3. g3 g6 4. Bg2 Bg7 5. f4 e6 6. Nf3 Nge7 7. 0-0 0-0 8. d3 d5 9. e5 Rb8 10. Kh1 b5 11. Ne2 a5 12. d4 cxd4 13. Nexd4 Bd7 14. c3 Qc7 15. Nxc6 Nxc6 16. Nd4 b4 17. Bd2 Nxd4 18. cxd4 Qc4 19. Be3 Rfc8 20. b3 Qc2 21. Qxc2 Rxc2 22. Rfc1 Rbc8 23. Kg1 Bf8 24. Bf3 Bb5 25. Rxc2 Rxc2 26. Bd1 Rc3 27. Kf2 Be7 28. Bd2 Rc6 29. Be2 Bxe2 30. Kxe2 Bd8 31. Rc1 Rxc1 32. Bxc1 Be7 33. Kd3 h6 34. h4 Kg7 35. Be3 1/2-1/2

[Event "Ufa Dautov Memorial op"]
[Site "Ufa"]
[Date "2010.04.07"]
[Round "5"]
[White "Ardashirov, Akhtjam"]
[Black "Churaev, Raif"]
[Result "0-1"]
[WhiteElo "2084"]
[BlackElo "2091"]
[PlyCount "72"]
[EventDate "2010.04.03"]
[EventType "swiss"]
[EventRounds "9"]
[EventCountry "RUS"]
[SourceTitle "CBM 135 Extra"]
[Source "ChessBase"]
[SourceDate "2010.05.04"]
[SourceVersion "1"]
[SourceVersionDate "2010.05.04"]
[SourceQuality "1"]

1. Nf3 Nf6 2. c4 c5 3. d4 cxd4 4. Nxd4 e5 5. Nb5 d5 6. cxd5 Bc5 7. e3 0-0 8. N5c3 e4 9. Bc4 Qe7 10. Nd2 Bf5 11. 0-0 Nbd7 12. a3 Rac8 13. Be2 Nb6 14. Nb3 Rfd8 15. Nxc5 Qxc5 16. Nb5 Rxd5 17. Nd4 Bd7 18. Bd2 a5 19. Rc1 Qf8 20. Qb3 Na4 21. Rxc8 Qxc8 22. Rc1 Rc5 23. Rxc5 Nxc5 24. Qb6 a4 25. Qd6 h6 26. Bc3 Nb3 27. Nxb3 axb3 28. Kf1 Be6 29. Ke1 Nd5 30. Bd2 Qc2 31. Qe5 Qb1+ 32. Bd1 Bg4 33. f3 exf3 34. Kf2 Qxd1 35. Qxd5 Qe2+ 36. Kg3 f2 0-1

[Event "Ufa Dautov Memorial op"]
[Site "Ufa"]
[Date "2010.04.03"]
[Round "1"]
[White "Churaev, Raif"]
[Black "Gumashjan, Gegam"]
[Result "1-0"]
[WhiteElo "2091"]
[BlackElo "1664"]
[PlyCount "75"]
[EventDate "2010.04.03"]
[EventType "swiss"]
[EventRounds "9"]
[EventCountry "RUS"]
[SourceTitle "CBM 135 Extra"]
[Source "ChessBase"]
[SourceDate "2010.05.04"]
[SourceVersion "1"]
[SourceVersionDate "2010.05.04"]
[SourceQuality "1"]

1. d4 e6 2. Nf3 Nc6 3. g3 Nf6 4. Bg2 d5 5. 0-0 h6 6. b3 Ne4 7. Bb2 Be7 8. c4 0-0 9. Nbd2 Nf6 10. Rc1 Bd7 11. Re1 Nb4 12. a3 Nc6 13. Qc2 Rc8 14. Ne5 Bd6 15. e4 dxc4 16. Nxc6 Bxc6 17. e5 cxb3 18. Nxb3 Bxg2 19. Kxg2 Bxe5 20. dxe5 Qd5+ 21. Kg1 Nh7 22. Red1 Qf3 23. Rd3 Qg4 24. Qd1 Qh3 25. Rc4 Ng5 26. Bc1 Nh7 27. Qg4 Qxg4 28. Rxg4 b5 29. Bxh6 g6 30. Bxf8 Kxf8 31. Nc5 Ke8 32. h4 Nf8 33. Rgd4 a5 34. Nb7 Ke7 35. Rd8 Rxd8 36. Nxd8 a4 37. Nc6+ Ke8 38. Rd8# 1-0

[Event "Ufa Dautov Memorial op"]
[Site "Ufa"]
[Date "2009.04.06"]
[Round "6"]
[White "Churaev, Raif"]
[Black "Tupikov, Oleg Vladimirovich"]
[Result "1-0"]
[WhiteElo "2089"]
[BlackElo "1955"]
[PlyCount "49"]
[EventDate "2009.04.01"]
[EventType "swiss"]
[EventRounds "9"]
[EventCountry "RUS"]
[SourceTitle "CBM 130 Extra"]
[Source "ChessBase"]
[SourceDate "2009.07.02"]
[SourceVersion "2"]
[SourceVersionDate "2009.07.15"]
[SourceQuality "1"]

1. Nf3 Nf6 2. g3 c5 3. Bg2 Nc6 4. 0-0 d5 5. d4 e6 6. c4 dxc4 7. Qa4 Bd7 8. Qxc4 cxd4 9. Nxd4 Rc8 10. Nc3 Nxd4 11. Qxd4 Bc5 12. Qe5 Bc6 13. Bg5 Bxg2 14. Kxg2 0-0 15. Rad1 Qe7 16. Ne4 b6 17. Bxf6 gxf6 18. Nxf6+ Kh8 19. Nd5+ f6 20. Nxe7 fxe5 21. Nxc8 Rxc8 22. Rd7 a5 23. Rfd1 Bd4 24. e3 Bxb2 25. Rd8+ 1-0

[Event "Ufa Kopylov Memorial op"]
[Site "Ufa"]
[Date "2008.12.24"]
[Round "9"]
[White "Ibragimov, Maxim"]
[Black "Churaev, Raif"]
[Result "1-0"]
[WhiteElo "2123"]
[BlackElo "2077"]
[PlyCount "61"]
[EventDate "2008.12.16"]
[EventType "swiss"]
[EventRounds "9"]
[EventCountry "RUS"]
[SourceTitle "EXT 2010"]
[Source "ChessBase"]
[SourceDate "2010.11.25"]
[SourceVersion "1"]
[SourceVersionDate "2010.11.25"]
[SourceQuality "1"]

1. e4 c5 2. Nf3 Nc6 3. d4 cxd4 4. Nxd4 g6 5. Nc3 Bg7 6. Be3 Nf6 7. Nxc6 bxc6 8. e5 Ng8 9. Bd4 Nh6 10. e6 f6 11. exd7+ Bxd7 12. Bc4 Nf7 13. 0-0 0-0 14. Bc5 Kh8 15. Qe2 Qc7 16. Rad1 Rae8 17. Be6 Ne5 18. Bxd7 Nxd7 19. Ba3 f5 20. Na4 Rf6 21. Nc5 Nxc5 22. Bxc5 e5 23. Qa6 Rf7 24. Rd6 Rc8 25. Qc4 Rd7 26. Qe6 Re7 27. Qc4 Rd7 28. Rfd1 Rxd6 29. Rxd6 Qb8 30. b3 Qb7 31. Qe6 1-0

[Event "Ufa Kopylov Memorial op"]
[Site "Ufa"]
[Date "2008.12.22"]
[Round "7"]
[White "Khaziev, Anvar"]
[Black "Churaev, Raif"]
[Result "0-1"]
[WhiteElo "2060"]
[BlackElo "2077"]
[PlyCount "78"]
[EventDate "2008.12.16"]
[EventType "swiss"]
[EventRounds "9"]
[EventCountry "RUS"]
[SourceTitle "EXT 2010"]
[Source "ChessBase"]
[SourceDate "2010.11.25"]
[SourceVersion "1"]
[SourceVersionDate "2010.11.25"]
[SourceQuality "1"]

1. d4 Nf6 2. c4 g6 3. Nc3 d5 4. Nf3 Bg7 5. Qb3 dxc4 6. Qxc4 Nfd7 7. Bf4 Na6 8. e3 0-0 9. Be2 Nb6 10. Qb3 Be6 11. Qc2 Nb4 12. Qc1 Bc4 13. 0-0 Nd3 14. Bxd3 Bxd3 15. Rd1 Bf5 16. e4 Bg4 17. Qe3 c6 18. b3 Qd7 19. Rd3 Bxf3 20. Qxf3 f5 21. e5 Rfd8 22. Rad1 Nd5 23. Nxd5 Qxd5 24. Qe3 Qe6 25. Qd2 Rd5 26. Be3 Rad8 27. Qc2 Qd7 28. f4 c5 29. Kf2 e6 30. Ke2 Qc6 31. Kf2 cxd4 32. Qxc6 dxe3+ 33. Kxe3 Rxd3+ 34. Rxd3 Rxd3+ 35. Kxd3 bxc6 36. Kc4 Bf8 37. b4 Kf7 38. a4 Ke8 39. Kd4 Bxb4 0-1

[Event "Ufa Kopylov Memorial op"]
[Site "Ufa"]
[Date "2008.12.20"]
[Round "5"]
[White "Kiselev, Artiom"]
[Black "Churaev, Raif"]
[Result "1-0"]
[WhiteElo "2265"]
[BlackElo "2077"]
[PlyCount "43"]
[EventDate "2008.12.16"]
[EventType "swiss"]
[EventRounds "9"]
[EventCountry "RUS"]
[SourceTitle "EXT 2010"]
[Source "ChessBase"]
[SourceDate "2010.11.25"]
[SourceVersion "1"]
[SourceVersionDate "2010.11.25"]
[SourceQuality "1"]

1. c4 Nf6 2. Nf3 g6 3. Nc3 Bg7 4. g3 c5 5. Bg2 Nc6 6. d4 cxd4 7. Nxd4 0-0 8. Nc2 a6 9. 0-0 Rb8 10. b3 b5 11. cxb5 axb5 12. Bf4 Rb6 13. Rc1 b4 14. Na4 Rb5 15. Bd2 d5 16. a3 Ne4 17. Nxb4 Nd4 18. Be1 Bh6 19. Rxc8 Qxc8 20. Qxd4 Bg7 21. Qd3 Rb8 22. Nxd5 1-0

[Event "Ufa Kopylov Memorial op"]
[Site "Ufa"]
[Date "2008.12.19"]
[Round "4"]
[White "Churaev, Raif"]
[Black "Ivanov, Vladislav"]
[Result "1-0"]
[WhiteElo "2077"]
[BlackElo "1774"]
[PlyCount "25"]
[EventDate "2008.12.16"]
[EventType "swiss"]
[EventRounds "9"]
[EventCountry "RUS"]
[SourceTitle "EXT 2010"]
[Source "ChessBase"]
[SourceDate "2010.11.25"]
[SourceVersion "1"]
[SourceVersionDate "2010.11.25"]
[SourceQuality "1"]

1. Nf3 Nf6 2. g3 g6 3. Bg2 Bg7 4. 0-0 0-0 5. d4 d6 6. c4 Nbd7 7. Nc3 e5 8. Qc2 Nh5 9. Rd1 f5 10. Bg5 Qe8 11. Nd5 Rb8 12. Nxc7 Qf7 13. Nxe5 1-0